000 01746cam a22003974i 4500
003 PE-LiUPU
005 20250731184111.0
008 150706s r 000 0 d
020 _a0 582 41783 X
035 _a(Sirsi) i9780582417830
040 _aPE-LiUPU
_bspa
_cPE-LiUPU
_erda
049 _aPRUA
082 0 4 _a823
_bPR3
_221
100 1 _aJames, Henry,
_d1843-1916,
_eautor.
245 1 4 _aThe portrait of a lady /
_cHenry James.
264 1 _aMadrid :
_bPearson Educación,
_c[1999].
300 _a41 páginas :
_bilustraciones ;
_c20 centímetros
336 _atext
_2rdacontent
337 _aunmediated
_2rdamedia
338 _avolume
_2rdacarrier
490 0 _aPenguin Readers
505 0 _aIsabel's Two Visitors -- Tea in an English Garden -- Mrs Touchett's Plans for Isabel -- Getting to Know Lard Warburton -- Henrietta Comes to Stay -- Two Men with One Question -- Mysterious Madame Merle -- Pansy and her Father -- Isabel Meets Gilbert Osmond -- Choosing a Husband -- Caspar's Visit -- Osmond's Plan for Pansy -- Madame Merle's Secret -- "My Cousin Is Dying -- Saying Goodbye.
526 _aP145
526 _aP127
526 _aP97
526 _aP14
526 _aP07
541 _g003-000916;
650 1 4 _aLiteratura juvenil.
910 _agl
_bjv
_clch
_d20091127
942 _2ddc
_cBOOK
949 _a823 PR3 P
_wDEWEY
_c1
_i60695
_lCCODEBUL1
_mBUL
_p2.00
_r0
_sY
_tBOOK
_u2015-7-6
_xFCE
_zAGB
_0COMPRA
_o.STAFF. Colección General
994 _aC0
_bPEPRU
596 _a1
999 _a823 PR3 P
_wDEWEY
_c50094
_i60695
_f2021-11-5
_g6
_lCCODEBUL1
_mBUL
_p2.00
_r0
_sY
_tBOOK
_u2015-7-6
_xBIBLIOTECA
_zAGB
_0COMPRA
_o.STAFF. Colección General
_d50094
980 _81
_gALBERTO SANCHEZ Responsable de Automatización